| 000 | 01822nam a22003734a 4500 | ||
|---|---|---|---|
| 001 | ebr10282570 | ||
| 003 | CaPaEBR | ||
| 006 | m u | ||
| 007 | cr cn||||||||| | ||
| 008 | 070813s2008 miua sb 001 0 eng | ||
| 010 | _z 2007033485 | ||
| 020 | _z9781934110195 (cloth : alk. paper) | ||
| 040 |
_aCaPaEBR _cCaPaEBR |
||
| 035 | _a(OCoLC)317403241 | ||
| 043 | _an-usu-- | ||
| 050 | 1 | 4 |
_aML3551.5 _b.M56 2008eb |
| 082 | 0 | 4 |
_a781.640975 _222 |
| 100 | 1 |
_aMinton, John, _d1957- |
|
| 245 | 1 | 0 |
_a78 blues _h[electronic resource] : _bfolksongs and phonographs in the American South / _cJohn Minton. |
| 246 | 3 | _aSeventy-eight blues | |
| 260 |
_aJackson : _bUniversity Press of Mississippi, _cc2008. |
||
| 300 |
_ax, 288 p. : _bill. |
||
| 490 | 1 | _aAmerican made music series | |
| 504 | _aIncludes bibliographical references and index. | ||
| 505 | 0 | _aPrelude: supposing we have us a little tune here -- Learning to listen -- True relations -- Let's get this dance started -- Here's one you can all sing right with us -- A special prayer on the man that's a-catching the record -- I ought to be recording right now -- A corn licker still in Georgia -- Coda: well folks, here we are again. | |
| 533 |
_aElectronic reproduction. _bPalo Alto, Calif. : _cebrary, _d2013. _nAvailable via World Wide Web. _nAccess may be limited to ebrary affiliated libraries. |
||
| 650 | 0 |
_aFolk music _zSouthern States _xHistory and criticism. |
|
| 650 | 0 |
_aFolk songs _zSouthern States _xHistory and criticism. |
|
| 650 | 0 |
_aSound recordings _zSouthern States _xHistory _y20th century. |
|
| 655 | 7 |
_aElectronic books. _2local |
|
| 710 | 2 | _aebrary, Inc. | |
| 830 | 0 | _aAmerican made music series. | |
| 856 | 4 | 0 |
_uhttp://site.ebrary.com/lib/rucke/Doc?id=10282570 _zAn electronic book accessible through the World Wide Web; click to view |
| 999 |
_c3526 _d3526 |
||